| 000 | 00946cab a22002415a 4500 | ||
|---|---|---|---|
| 001 | L146608 | ||
| 008 | 090209s2009 xxk f 000 0 eng d | ||
| 035 | _a(Sirsi) u146608 | ||
| 041 | 0 | _aeng | |
| 245 | 0 | 0 |
_aCurrent topics _bthe Planning and Energy Act 2008 |
| 260 | _c2009 | ||
| 490 |
_aJournal of Planning and Environment Law _v(2) 139-141(3) |
||
| 520 | _aArticle discusses energy policies in light of, and the legal interpretation of, the Planning and Energy Act 2008. | ||
| 590 | _aKA | ||
| 650 | 2 | 4 | _aPLANNING AND COMPULSORY PURCHASE ACT 2004 |
| 650 | 2 | 4 | _aPLANNING AND ENERGY ACT 2008 |
| 650 | 2 | 4 | _aPLANNING POLICY STATEMENT 1 (DELIVERING SUSTAINABLE DEVELOPMENT) |
| 650 | 2 | 4 | _aTOWN AND COUNTRY PLANNING ACT 1990 |
| 650 | 2 | 4 | _aENVIRONMENTAL AND LAND CONSULTANCY-SUSTAINABILITY-SUSTAINABLE DEVELOPMENT |
| 651 | 4 |
_aEngland and Wales _y1543- |
|
| 690 | _aENVIRONMENTAL AND LAND CONSULTANCY-ENERGY-RENEWABLE ENERGY | ||
| 942 | _n0 | ||
| 999 |
_c81200 _d81200 |
||